00722nam a22002297a 450000500170000001000130001702000100003003500130004003700160005304000120006908200160008124501210009726000460021827000520026430000200031649000410033650000370037765000140041465000110042870000230043970000300046220170124105947.0 aA-423105 c00.00 aA-423105 bCen Lib/Ret aDPLbEN a220.21bVAN aVanishing aborigines :cedited by K.N.O. Dharamdasa [and] S.W.R.de A. SamarsinghebSri Lankas veddas in transition / aNew Delhi bVikas Publishing House c1990 bNew Delhi a576, masjid road, jangpura e110014 a176p.c21cm(Hb) aICES Sri Lanka studies seriesvno. 2 aIncludes maps, plates and index  aHinduism  aVedas  aDharamdasa, K.N.O. aSamarsinghe, S.W.R. de A.